Cassell's Encyclopedia of World Literature / (Record no. 19631)
[ view plain ]
| 000 -LEADER | |
|---|---|
| fixed length control field | 00415nam a2200145 a 4500 |
| 005 - DATE AND TIME OF LATEST TRANSACTION | |
| control field | 20140310183149.0 |
| 008 - FIXED-LENGTH DATA ELEMENTS--GENERAL INFORMATION | |
| fixed length control field | 030415s19uu xx 00 eng d |
| 020 ## - INTERNATIONAL STANDARD BOOK NUMBER | |
| International Standard Book Number | 0304290947 |
| 050 ## - LIBRARY OF CONGRESS CALL NUMBER | |
| Classification number | PN 41 |
| Item number | .C344 1973 |
| 245 ## - TITLE STATEMENT | |
| Title | Cassell's Encyclopedia of World Literature / |
| Statement of responsibility, etc | S.H. Steinberg, editor. |
| 260 ## - PUBLICATION, DISTRIBUTION, ETC. (IMPRINT) | |
| Place of publication, distribution, etc | New York : |
| Name of publisher, distributor, etc | Funk & Wagnalls, |
| Date of publication, distribution, etc | 1973. |
| 300 ## - PHYSICAL DESCRIPTION | |
| Extent | 836 p. : |
| Dimensions | 25 cm. |
| 942 ## - ADDED ENTRY ELEMENTS (KOHA) | |
| Koha item type | Books |
| Source of classification or shelving scheme | Library of Congress Classification |
| Withdrawn status | Lost status | Source of classification or shelving scheme | Materials specified (bound volume or other part) | Damaged status | Home library | Current library | Shelving location | Date acquired | Total Checkouts | Full call number | Barcode | Date last seen | Copy number | Price effective from | Koha item type |
|---|---|---|---|---|---|---|---|---|---|---|---|---|---|---|---|
| Library of Congress Classification | Histories and general articles | College Library | College Library | Reference Section | 04/15/2003 | PN 41 .C344 1973 vol.1 | C0824 | 04/24/2017 | 1 | 10/10/2013 | Books | ||||
| Library of Congress Classification | Biographies A-K | College Library | College Library | Reference Section | 11/19/2013 | PN 41 .C344 1973 vol.2 | C0825 | 04/24/2017 | 1 | 11/19/2013 | Books | ||||
| Library of Congress Classification | Biographies L-Z | College Library | College Library | Reference Section | 11/19/2013 | PN 41 .C344 1973 vol.3 | C0826 | 04/24/2017 | 1 | 11/19/2013 | Books |